| 000 | 00510nam a2200193 u 4500 | ||
|---|---|---|---|
| 005 | 20220603063736.0 | ||
| 008 | 141118s2006 r 000 0 eng d | ||
| 020 | _a8496573672 | ||
| 035 | _aUPN01000200793 | ||
| 049 | _aI | ||
| 050 | 4 |
_aPZ73 _bP7.2 |
|
| 100 | 1 |
_aPrieto Dieguez, Iván _936568 |
|
| 245 | 1 | 0 |
_aAzúcar y sal / _cIván Prieto. |
| 260 |
_aPontevedra, Esp. : _bOQO, _c2006. |
||
| 300 |
_a[28] p. : _bil. col. |
||
| 650 | 4 |
_aCuentos infantiles _96744 |
|
| 905 | _aInfantil | ||
| 999 |
_c172894 _d172894 |
||